000 01824cam a22002054a 4500
005 20250605164241.0
008 250528s ||||||||||||||||||||||||d
035 _a21314
020 _a9789609405003
040 _aGR-AtMCL
_bgre
_dGR-AtMCL
_eAACR2
245 1 _aΒασικές Δεξιότητες Συμβουλευτικής / Ένα Εγχειρίδιο για Βοηθούς
250 _a2nd
260 _bΠεδίο,
_c2009
300 _a288
520 _aΜια Πρακτική Εισαγωγή στις Βασικές Δεξιότητες Συμβουλευτικής που είναι απαραίτητες σε όποιον θέλει να ασχοληθεί με τον τομέα. Πρόλογος, Εισαγωγή, Προσεγγίσεις Συμβουλευτικής και Βοήθειας, Η Σχέση Παρόχης Βοήθειας, Η Διαδικασία Παροχής Βοήθειας, Ειδικές Δεξιότητες Συμβουλευτικής, Παράφραση και Αντανάκλαση Συναισθημάτων, Διατύπωση Ερωτήσεων, Διαχείριση Αντιστάσεων και Πραγματοποίηση Παραπομπών, Εκπαίδευση στη Χαλάρωση, Βελτίωση των Κανόνων. Διεξαγωγή των Ενδιάμεσων Συνεδριών, Περαιτέρω Προβληματισμοί, Ηθικά και Δεοντολογικά Ζητήματα και Διλήμματα, Υποστήριξη και Εποπτεία, Προτεινόμενη Βιβλιογραφία, Ευρετήριο Ονομάτων και Όρων και Θεμάτων, Λεξιλόγιο Βασικών Αγγλικών ΌΌρων.
700 1 _aNelson-Jones Richard
_955
942 _cBK
999 _c6379
_d6379